000 01560cam a22003131i 4500
003 SA-RiAUC
005 20241230082247.0
008 241227s1997 su g 000 0 ara c
020 _a9960719235
040 _aSA-RiAUC
_bara
_cSA-RiAUC
_erda
082 0 4 _a243
_qSA-RiAUC
090 _a243
_bع ث ي
100 1 _aالعثيمين، محمد بن صالح بن محمد،
_d1347-1421 هجري
_eمؤلف.
245 1 2 _aالتوسل :
_bحكمه وأقسامه /
_cمحمد بن صالح العثيمين، محمد بن ناصر الدين الألباني. يليه أحاديث وآثار وقصص ضعيفة وموضوعة في التوسل / ابن تيمية [ومجموعة آخرون]؛ جمع وإعداد أبو أنس علي بن حسين أبو لوز.
250 _aالطبعة الأولى.
264 1 _aالرياض :
_bدار ابن خزيمة،
_c1997
300 _a143 صفحة ؛
_c24 سم
336 _aنص
_btxt
_2rdacontent
_3كتاب
337 _aبدون وسيط
_bn
_2rdamedia
338 _aمجلد
_bnc
_2rdacarrier
650 7 _aعلم الكلام
_2aucsh
650 7 _aالتوسل
_2aucsh
700 1 _aالألباني، محمد ناصر الدين،
_d1914-1999
_eمؤلف.
700 1 _aأبو لوز، علي بن حسين
_eجامع.
700 1 _aابن تيمية، أحمد بن عبد الحليم بن عبد السلام،
_d661-728 هجري
740 0 _aأحاديث وآثار وقصص ضعيفة وموضوعة في التوسل.
942 _2ddc
_cBOOK
_n0
949 _aSA-JeALM
_d241227
_umohamedma123
_n1
999 _c4106
_d4106